000 00952nam a22003377a 4500
001 0007244
003 KOHA_MİRAKIL
005 20260207001551.0
007 ta
008 090916b1998 tu |||gr||||#0|||1|tur |
020 _a9753621450
040 _aTR-BiSEU
_btur
_cTR-BiSEU
_erda
041 0 _atur
044 _ctu
050 _aPL248.C45
_bZ67 1998
100 1 _aÇelik, Osman.
245 1 _aZorunlu göç :
_bKafkasya-3/
_cOsman Çelik ; Osman Çelik.
264 1 _aİstanbul :
_bTimaş
_c1998
300 _a364 sayfa; 19 cm.
336 _ametin
_btxt
_2rdacontent
337 _aaracısız
_bn
_2rdamedia
338 _acilt
_bnc
_2rdacarrier
490 1 _aTimaş yayınları ;
_v231.
490 1 _aRoman serisi ;
_v23.
650 0 _aTurkish fiction.
_96661
650 0 _aTürk edebiyatı--roman.
_97421
830 1 _aTimaş yayınları ;
_v231.
_98079
830 1 _aRoman serisi ;
_v23.
_917964
907 _aRoman
942 _2lcc
_cBK
999 _c7224
_d7224